00317 a2200133 450000100060000002000200000604000240002610000330005024000290008324500240011230000070013636200090014365000310015247176 a978858598553122 cAnchieta - Aquarius aCedraz, Antônio Luiz Ramos10aA vaca preguiçosalpor10aA vaca preguiçosa a200 a2012 4aLiteratura infanto-juvenil